书目信息 |
| 题名: |
灯下谈美
|
|
| 作者: | 邵传烈 , 戴平 著 | |
| 分册: | ||
| 出版信息: | 广州 广东人民出版社 1982 |
|
| 页数: | 181页 | |
| 开本: | 19cm | |
| 丛书名: | ||
| 单 册: | ||
| 中图分类: | B83-05 | |
| 科图分类: | ||
| 主题词: | 美学--关系 | |
| 电子资源: | ||
| ISBN: | ||
| 000 | 00633nam0 2200241 45 | |
| 001 | 0182006059 | |
| 005 | 20050322171349.8 | |
| 010 | @dCNY0.53 | |
| 091 | @a7111.1173 | |
| 100 | @a19950706d1982 em y0chiy0121 ea | |
| 101 | 0 | @achi |
| 102 | @aCN@b440000 | |
| 105 | @ay z 000yy | |
| 200 | 10 | @a灯下谈美@Adeng xia tan mei@f邵传烈,戴平著@FShao Chuan Lie,Dai Ping Zhu |
| 210 | @a广州@c广东人民出版社@d1982 | |
| 215 | @a181页@d19cm | |
| 606 | @a美学@x关系 | |
| 690 | @aB83-05@v3 | |
| 701 | 0 | @a邵传烈@4著 |
| 701 | 0 | @a戴平@4著 |
| 801 | 0 | @aCN@b上海图书馆@c20031217 |
| 801 | 2 | @aCN@bNLC@c20031217 |
| 905 | @dB83-05@e14@f1@b73058 | |
| 灯下谈美/邵传烈,戴平著.-广州:广东人民出版社,1982 |
| 181页;19cm |
| ISBN :CNY0.53 |
| ● |
| 相关链接 |
|
|
|
|
正题名:灯下谈美
索取号:B83-05/14
 
预约/预借
| 序号 | 登录号 | 条形码 | 馆藏地/架位号 | 状态 | 备注 |
| 1 | 0073057 | 001661099 | 密集书库/ [索取号:B83-05/14] | 在馆 | |
| 2 | 0073058 | 000512038 | 密集书库/ [索取号:B83-05/14] | 在馆 | |
| 3 | 0073061 | 001661142 | 密集书库/ [索取号:B83-05/14] | 在馆 | |
| 4 | 0073062 | 001661106 | 密集书库/ [索取号:B83-05/14] | 在馆 |